000 00680nam a2200205Ii 4500
003 JO-AjNU
008 230605s9999||||xx |||||||||||||| ||und||
040 _aJO-AjNU
_bara
_erda
_cJO-AjNU
041 _aara
050 1 4 _aQA273.P3712 1983
100 3 _aبازرن ؛ ترجمة: حيدر عدنان، عيد ذياب جزاع ,
_eauthor
_936885
245 0 0 _aالعمليات التصادفية
250 _aط1
264 3 1 _aبغداد:الجامعة المستنصرية ، 1983
300 _a1983ص
336 _atext
_btxt
_2rdacontent
337 _aunmediated
_bn
_2rdamedia
338 _avolume
_bnc
_2rdacarrier
650 4 _aاحتمالات- رياضيات
_936886
999 _aA15364
_c18932
_d18932